| 000 | 00846nam a2200217 a 4500 | ||
|---|---|---|---|
| 008 | 100909s2005 ||||||||||||||||| || u | ||
| 050 | _aIBRD(08) | ||
| 100 | _aSahgal, Vinod | ||
| 245 | 1 | 0 |
_aScrutinizing public expenditures: assessing the performance of public accounts committees _cby Rick Stapenhurst [and others] |
| 260 |
_aWashington, D. C. _bWorld Bank _c2005 |
||
| 300 | _a36p.: ill | ||
| 350 | _a0.00 | ||
| 490 | _aPolicy Research Working Paper | ||
| 650 | _aPUBLIC EXPENDITURE | ||
| 650 | _aFINANCE--PUBLIC--ACCOUNTING | ||
| 650 | 0 | _aFINANCE--DEVELOPING COUNTRIES | |
| 700 | _aStapenhurst, Rick | ||
| 700 | _aPelizzo, Riccardo | ||
| 700 | _aWoodley, Willaim | ||
| 995 |
_D0.00 _FCBU-MAIN LIBRARY (Kitwe) _H1 _I0.00 _M1 _UAVAILABLE _WSep 9, 2010 _ZInternational Publications |
||
| 999 |
_c57158 _d57158 |
||